ONE-ACT PLAYS (Record no. 568022)
[ view plain ]
| 000 -LEADER | |
|---|---|
| fixed length control field | 00247nam a22001097a 4500 |
| 082 ## - DEWEY DECIMAL CLASSIFICATION NUMBER | |
| Classification number | 891.4392 ONC'A |
| 100 ## - MAIN ENTRY--PERSONAL NAME | |
| Personal name | ANSARI, M. AKRAM |
| 9 (RLIN) | 57763 |
| 245 ## - TITLE STATEMENT | |
| Title | ONE-ACT PLAYS |
| 260 ## - PUBLICATION, DISTRIBUTION, ETC. | |
| Place of publication, distribution, etc. | LAHORE |
| Name of publisher, distributor, etc. | MAKTABA-TUL-MAARIF |
| Date of publication, distribution, etc. | 1967 |
| 300 ## - PHYSICAL DESCRIPTION | |
| Extent | 180P |
| 942 ## - ADDED ENTRY ELEMENTS (KOHA) | |
| Koha item type | Book |
| Withdrawn status | Lost status | Damaged status | Not for loan | Permanent Location | Current Location | Shelving location | Date acquired | Total Checkouts | Full call number | Barcode | Date last seen | Price effective from | Koha item type |
|---|---|---|---|---|---|---|---|---|---|---|---|---|---|
| College of Electrical & Mechanical Engineering (CEME) | College of Electrical & Mechanical Engineering (CEME) | General Stacks | 07/14/2017 | 891.4392 ONC'A | CEME-3761 | 06/28/2021 | 06/28/2021 | Book |
